[Event "34th Chess Olympiad (women)"]
[Site "Istanbul"]
[Date "2000.11.08"]
[Round "11.1.1"]
[White "Xie, Jun"]
[Black "Mazakova, Petra"]
[WhiteElo "2568"]
[BlackElo "2319"]
[WhiteCountry "CHN"]
[BlackCountry "CZE"]
[Result "1-0"]

1. e4 c5 2. Nf3 d6 3. d4 cxd4 4. Nxd4 Nf6 5. Nc3 a6 6. Be2 e6 7. O-O Qc7 
8. f4 Be7 9. Kh1 O-O 10. Qe1 b5 11. Bf3 Bb7 12. e5 Ne8 13. Bxb7 Qxb7 
14. Ne4 Nd7 15. Ng3 dxe5 16. fxe5 Rc8 17. Bf4 Rc4 18. Rd1 Bc5 19. Nb3 Bb6 
20. c3 Nb8 21. Rd3 Kh8 22. Nd2 Rc5 23. Nge4 Rd5 24. Rh3 Bd8 25. Bg5 h6 
26. Bxh6 gxh6 27. Qe3 f5 28. Qxh6+ Kg8 29. Qh8+ Kf7 30. Rh7+ Kg6 31. Rh6+ Kf7 
32. Qh7+ Ng7 33. Rg6 Rg8 34. Nf6 Rxd2 35. Nxg8 Kf8 36. Nh6 
1-0

[Event "34th Chess Olympiad (women)"]
[Site "Istanbul"]
[Date "2000.11.08"]
[Round "11.1.3"]
[White "Wang, Lei"]
[Black "Sikorova, Olga"]
[WhiteElo "2498"]
[BlackElo "2203"]
[WhiteCountry "CHN"]
[BlackCountry "CZE"]
[Result "1-0"]

1. d4 c5 2. d5 Nf6 3. c4 e6 4. Nc3 exd5 5. cxd5 d6 6. e4 g6 7. h3 Bg7 
8. Bd3 O-O 9. Nf3 Bd7 10. O-O b5 11. Re1 b4 12. Nb1 Re8 13. Nbd2 a6 14. a4 bxa3 
15. Rxa3 Qc7 16. Qc2 Ra7 17. Nc4 Bf8 18. Bg5 Nh5 19. Qd2 Bb5 20. g4 Ng7 
21. Bf4 Bxc4 22. Bxc4 Qb6 23. Qc2 Rd8 24. Bd2 Qb7 25. Ba5 Re8 26. Bc3 Nd7 
27. Rea1 Rea8 28. Qe2 Nb8 29. e5 dxe5 30. Nxe5 Bd6 31. Qf3 Qc7 32. Re1 a5 
33. Nc6 Nxc6 34. dxc6 Bf4 35. Kf1 g5 36. Qe4 Qd6 37. Raa1 Qh6 38. Kg2 Rc8 
39. Rad1 Rac7 40. Rd7 Ne6 41. Rxf7 Rxf7 42. Bxe6 Rcc7 43. Rd1 Qf8 44. Rd7 Rcxd7 
45. cxd7 Bc7 46. Qd5 
1-0

[Event "34th Chess Olympiad (women)"]
[Site "Istanbul"]
[Date "2000.11.08"]
[Round "11.2.2"]
[White "Vasilevich, Tatjana"]
[Black "Khurtsidze, Nino"]
[WhiteElo "2429"]
[BlackElo "2481"]
[WhiteCountry "UKR"]
[BlackCountry "GEO"]
[Result "1/2-1/2"]

1. Nf3 c5 2. g3 b6 3. Bg2 Bb7 4. O-O Nf6 5. c4 e6 6. Nc3 Be7 7. Re1 d5 
8. cxd5 exd5 9. d4 O-O 10. b3 Na6 11. Bb2 h6 12. Rc1 Qc8 13. Qc2 Qe6 
14. Qb1 Rfd8 15. e3 Nb4 16. a3 Nc6 17. Ne2 Na5 18. dxc5 bxc5 19. b4 cxb4 
20. axb4 Nc4 21. Nfd4 Qd7 22. Nf5 Nxb2 23. Nxe7+ Qxe7 24. Qxb2 Rab8 25. Nd4 Ba8 
26. b5 a6 27. Bf1 Ne4 28. Qc2 axb5 29. Bxb5 Qf6 30. Qe2 Rbc8 31. Qf3 Qxf3 
32. Nxf3 Bb7 33. Nd4 g6 34. Bc6 Rc7 35. Bxb7 Rxb7 36. Rc2 Kg7 37. Rec1 Rdb8 
38. Kg2 h5 39. h4 Rb2 40. Ne2 R8b4 41. Nd4 Nd6 42. Kf3 
1/2-1/2

[Event "34th Chess Olympiad (women)"]
[Site "Istanbul"]
[Date "2000.11.08"]
[Round "11.2.3"]
[White "Gurieli, Nino"]
[Black "Sedina, Elena"]
[WhiteElo "2373"]
[BlackElo "2405"]
[WhiteCountry "GEO"]
[BlackCountry "UKR"]
[Result "0-1"]

1. d4 Nf6 2. Nf3 d5 3. c4 c6 4. e3 g6 5. Nc3 Bg7 6. Be2 O-O 7. O-O dxc4 
8. Bxc4 Bg4 9. h3 Bxf3 10. Qxf3 Nbd7 11. Rd1 e5 12. d5 e4 13. Nxe4 Nxe4 
14. Qxe4 Nb6 15. Bb3 cxd5 16. Bxd5 Nxd5 17. Rxd5 Qb6 18. a4 Rad8 19. Rxd8 Rxd8 
20. Qc2 Qd6 21. g3 Qd1+ 22. Qxd1 Rxd1+ 23. Kg2 Bf8 24. Kf3 Re1 25. Ke4 f5+ 
26. Kd3 Kf7 27. b3 Bg7 28. Rb1 Ke6 29. b4 Kd5 30. h4 Rf1 31. Ke2 Rg1 
32. Kd3 Be5 33. a5 h5 34. b5 Bf6 35. a6 b6 36. f3 Be5 37. e4+ fxe4+ 
38. fxe4+ Ke6 39. Kc2 Rg2+ 40. Bd2 Bxg3 41. Kd3 Bxh4 42. Be3 Bg5 43. Rg1 Rxg1 
44. Bxg1 Bd8 45. Bh2 Kd7 46. e5 Ke6 47. Ke4 g5 48. Bg1 g4 49. Kf4 Bc7 
50. Kg5 g3 51. Bd4 Kd5 52. Be3 g2 53. Kf5 Bxe5 54. Bxb6 Bd4 
0-1

[Event "34th Chess Olympiad (women)"]
[Site "Istanbul"]
[Date "2000.11.08"]
[Round "11.3.1"]
[White "Maric, Alisa"]
[Black "Kovalevskaya, Ekaterina"]
[WhiteElo "2435"]
[BlackElo "2475"]
[WhiteCountry "YUG"]
[BlackCountry "RUS"]
[Result "1/2-1/2"]

1. d4 d5 2. c4 c6 3. Nc3 dxc4 4. e4 b5 5. a4 b4 6. Na2 Nf6 7. e5 Nd5 8. Bxc4 e6 
9. Nf3 Be7 10. Bd2 a5 11. Nc1 Ba6 12. Bxa6 Nxa6 13. Nb3 c5 14. Rc1 cxd4 
15. Nfxd4 Qd7 16. Qg4 g6 17. Bh6 Bf8 18. Bxf8 Kxf8 19. O-O Kg7 20. Nxa5 Rhc8 
21. Nc4 Qxa4 22. Nd6 Rxc1 23. Rxc1 Nac7 24. h4 h5 25. Qf3 Qd7 26. g3 Ra2 
27. Qb3 Qa4 28. Qf3 Qd7 29. Qb3 Qa4 30. Qf3 Qd7 
1/2-1/2

[Event "34th Chess Olympiad (women)"]
[Site "Istanbul"]
[Date "2000.11.08"]
[Round "11.3.2"]
[White "Matveeva, Svetlana"]
[Black "Bojkovic, Natasa"]
[WhiteElo "2440"]
[BlackElo "2429"]
[WhiteCountry "RUS"]
[BlackCountry "YUG"]
[Result "0-1"]

1. d4 Nf6 2. c4 e6 3. Nc3 Bb4 4. Qc2 O-O 5. a3 Bxc3+ 6. Qxc3 b6 7. Bg5 Bb7 
8. e3 d6 9. f3 Nbd7 10. Bd3 c5 11. Ne2 Rc8 12. Qb3 d5 13. cxd5 Bxd5 
14. Qd1 cxd4 15. Nxd4 Ne5 16. Be2 h6 17. Bf4 Nc4 18. b3 e5 19. bxc4 exf4 
20. cxd5 Nxd5 21. O-O Nxe3 22. Qa4 Qg5 23. Rf2 Qf6 24. Ba6 Rc5 25. Qb4 Rd8 
26. Nb3 Nc2 27. Rxc2 Rxc2 28. Re1 Rb2 29. Bf1 Qh4 30. Re2 Rb1 31. Qc3 Rbd1 
32. Nd2 Re1 33. Ne4 Rxe2 34. Bxe2 Qe7 35. Kf1 Kh8 36. Qb4 Qc7 37. a4 Qc1+ 
38. Qe1 Qc2 39. Qh4 Qc1+ 40. Qe1 Qc2 41. Qh4 Qc7 42. g4 Rd4 43. g5 Qc1+ 
44. Kg2 Qe3 45. Bb5 Rd1 46. Nf2 Rd2 47. Bc6 Qc5 48. Be8 Kg8 49. Bxf7+ Kf8 
50. g6 Qe3 51. Bc4 Qd4 52. Bb5 Kg8 53. Bc6 Kh8 54. Be4 a6 55. Bc6 Qc5 
56. Be8 Qe3 57. Bc6 Qc5 58. Be8 Qd4 59. Bc6 Qe3 60. Be4 b5 61. axb5 axb5 
62. Bd3 Qxd3 63. Qg4 Qd8 64. Qxf4 Qg5+ 65. Qxg5 hxg5 66. Kg3 b4 67. Ne4 Rc2 
0-1

[Event "34th Chess Olympiad (women)"]
[Site "Istanbul"]
[Date "2000.11.08"]
[Round "11.3.3"]
[White "Prudnikova, Svetlana"]
[Black "Stepovaia, Tatiana"]
[WhiteElo "2425"]
[BlackElo "2414"]
[WhiteCountry "YUG"]
[BlackCountry "RUS"]
[Result "1/2-1/2"]

1. Nf3 d5 2. g3 c6 3. Bg2 Bg4 4. O-O Nd7 5. d4 Ngf6 6. Nbd2 e6 7. Re1 Be7 
8. e4 O-O 9. c3 Bh5 10. Qb3 Rb8 11. a4 Bg6 12. exd5 cxd5 13. a5 Qc7 
14. Qb5 Rfc8 15. Qe2 b5 16. axb6 axb6 17. Nb3 Bd6 18. Ne5 b5 19. Bf4 b4 
20. Rec1 Nh5 21. cxb4 Nxf4 22. gxf4 Qd8 23. Nc5 Nf8 24. Qd2 Rb6 25. Ra7 Rcb8 
26. f5 exf5 27. Bxd5 Bxe5 28. dxe5 Rxb4 29. e6 Rxb2 30. exf7+ Kh8 31. Qd1 Qg5+ 
32. Bg2 Bh5 33. Qf1 Bf3 34. Re1 Rb1 35. Ra1 Rxa1 36. Rxa1 Bxg2 37. Qxg2 Qf6 
38. Rd1 Qxf7 39. Kh1 f4 40. Qd5 Qf6 41. Ne4 Qe6 42. Qxe6 Nxe6 43. Kg2 h6 
44. Rd6 Re8 45. Kf3 Re7 46. h4 g6 47. Nc3 Kg7 48. Ne2 g5 49. Nd4 Nxd4+ 
50. Rxd4 Kf6 51. hxg5+ hxg5 52. Rd8 Rh7 53. Ra8 Rh3+ 54. Ke4 
1/2-1/2

[Event "34th Chess Olympiad (women)"]
[Site "Istanbul"]
[Date "2000.11.08"]
[Round "11.4.1"]
[White "Peng, Zhaoqin"]
[Black "Calzetta, Monica"]
[WhiteElo "2403"]
[BlackElo "2282"]
[WhiteCountry "NED"]
[BlackCountry "ESP"]
[Result "0-1"]

1. d4 Nf6 2. c4 c5 3. d5 b5 4. cxb5 a6 5. bxa6 g6 6. Nc3 Bxa6 7. Nf3 d6 
8. g3 Bg7 9. Bh3 O-O 10. O-O Nbd7 11. Qc2 Nb6 12. Rd1 Ra7 13. e4 Qa8 
14. Rb1 Bc8 15. Bg2 Na4 16. Ra1 Nxc3 17. bxc3 Bd7 18. Re1 Ra4 19. Bg5 Qa5 
20. Nd2 h6 21. Nb3 Qa7 22. Bf4 Ng4 23. h3 Ne5 24. Bxe5 Bxe5 25. f4 c4+ 
26. Nd4 Bxd4+ 27. cxd4 Qxd4+ 28. Qf2 Qxf2+ 29. Kxf2 Rfa8 30. Re2 c3 31. Rc2 Ra3 
32. Rac1 Rxa2 33. Ke3 R8a3 34. Rxa2 Rxa2 35. Bf1 c2 36. Bd3 Bxh3 37. Bxc2 Ra3+ 
38. Bd3 h5 39. Kd4 f6 40. Re1 Kf7 41. Rh1 Bg4 42. Rb1 Ra2 43. Rg1 Kg7 
44. Re1 Rd2 45. Re3 g5 46. fxg5 fxg5 47. Kc3 Rf2 48. Re1 Rg2 49. Re3 h4 
50. gxh4 gxh4 51. Bf1 Rg1 52. Be2 Re1 53. Kd4 
0-1

[Event "34th Chess Olympiad (women)"]
[Site "Istanbul"]
[Date "2000.11.08"]
[Round "11.4.3"]
[White "Lanchava, Tea"]
[Black "Nieves, Garcia"]
[WhiteElo "2000"]
[BlackElo "2000"]
[WhiteCountry "NED"]
[BlackCountry "ESP"]
[Result "1-0"]

1. d4 d5 2. Nf3 e6 3. c4 Nf6 4. Nc3 Be7 5. cxd5 exd5 6. Bg5 c6 7. Qc2 g6 
8. e3 Bf5 9. Bd3 Bxd3 10. Qxd3 Nbd7 11. O-O O-O 12. Rab1 Re8 13. Bf4 Bf8 
14. h3 Ne4 15. Nd2 Nxd2 16. Qxd2 Qf6 17. Rfe1 Bd6 18. Bxd6 Qxd6 19. e4 dxe4 
20. Nxe4 Qd5 21. Nc3 Qf5 22. d5 Nc5 23. dxc6 bxc6 24. Rbd1 Re6 25. Rxe6 Nxe6 
26. Qe3 Qc2 27. Rd2 Qc1+ 28. Kh2 Rf8 29. Ne4 Qc4 30. Nf6+ Kg7 31. Nd7 Rh8 
32. Qe5+ Kg8 33. Nf6+ Kf8 34. Nh5 Rg8 35. Qd6+ 
1-0

[Event "34th Chess Olympiad (women)"]
[Site "Istanbul"]
[Date "2000.11.08"]
[Round "11.5.2"]
[White "Mkrtchian, Lilit"]
[Black "Aleksieva, Silvia"]
[WhiteElo "2312"]
[BlackElo "2351"]
[WhiteCountry "ARM"]
[BlackCountry "BUL"]
[Result "1/2-1/2"]

1. e4 c5 2. Nf3 d6 3. c3 Nf6 4. Be2 Bd7 5. d3 Bc6 6. O-O Nbd7 7. c4 b5 
8. cxb5 Bxb5 9. d4 Bxe2 10. Qxe2 cxd4 11. Nxd4 Qb6 12. Rd1 g6 13. Nc3 Bg7 
14. Be3 Qb7 15. f3 O-O 16. Rac1 Rfc8 
1/2-1/2

[Event "34th Chess Olympiad (women)"]
[Site "Istanbul"]
[Date "2000.11.08"]
[Round "11.5.3"]
[White "Djingarova, Emilia"]
[Black "Hlgatian, Goar"]
[WhiteElo "2263"]
[BlackElo "2209"]
[WhiteCountry "BUL"]
[BlackCountry "ARM"]
[Result "0-1"]

1. e4 e6 2. d3 d5 3. Qe2 Be7 4. Nf3 Nf6 5. g3 O-O 6. Bg2 c5 7. O-O Nc6 8. c3 b5 
9. e5 Nd7 10. Re1 a5 11. Nbd2 a4 12. h4 Ba6 13. Nf1 b4 14. N1h2 a3 15. c4 axb2 
16. Bxb2 Nb6 17. cxd5 Nxd5 18. Qe4 Bb5 19. Bf1 Ra4 20. d4 Bxf1 21. Nxf1 c4 
22. Bc1 Qa8 23. Qg4 Kh8 24. Bg5 Rxa2 25. Rac1 c3 26. Qh5 g6 27. Qg4 b3 
28. Ne3 Nxe3 29. Bxe3 b2 30. Ng5 bxc1=Q 31. Bxc1 Qd8 32. Be3 c2 33. Qf3 Bxg5 
34. Bxg5 Nxd4 35. Qf4 Ne2+ 36. Rxe2 Ra1+ 37. Kh2 Qxg5 38. Qxg5 c1=Q 
39. Qe7 Qh1# 
0-1

[Event "34th Chess Olympiad (women)"]
[Site "Istanbul"]
[Date "2000.11.08"]
[Round "11.6.1"]
[White "Foisor, Cristina Adela"]
[Black "Hoang, Thanh"]
[WhiteElo "2386"]
[BlackElo "2489"]
[WhiteCountry "ROM"]
[BlackCountry "VIE"]
[Result "1/2-1/2"]

1. c4 f5 2. g3 Nf6 3. Bg2 g6 4. Nc3 Bg7 5. e3 O-O 6. Nge2 e5 7. d3 Nc6 
8. Rb1 d6 9. b3 Ne7 10. Qd2 Re8 11. O-O g5 12. f4 h6 13. Bb2 Ng6 14. Rbe1 c6 
15. Kh1 Be6 16. d4 gxf4 17. exf4 e4 18. Nxe4 Nxe4 19. Bxe4 fxe4 20. f5 Bd7 
21. fxg6 Bg4 22. Rf7 Rf8 23. Ng1 d5 24. Ba3 Re8 25. Bc1 Qg5 26. Qxg5 hxg5 
27. cxd5 cxd5 28. Be3 b6 29. Rc1 Rac8 30. Rxc8 Rxc8 31. h3 Rc3 32. Bxg5 Bh5 
33. Bf6 
1/2-1/2

[Event "34th Chess Olympiad (women)"]
[Site "Istanbul"]
[Date "2000.11.08"]
[Round "11.6.2"]
[White "Le, Kieu Thien Kim"]
[Black "Cosma, Elena Luminita"]
[WhiteElo "2331"]
[BlackElo "2360"]
[WhiteCountry "VIE"]
[BlackCountry "ROM"]
[Result "0-1"]

1. d4 d5 2. Nf3 Nf6 3. e3 c6 4. Bd3 Bg4 5. Nbd2 Nbd7 6. b3 e5 7. dxe5 Nxe5 
8. Be2 Nxf3+ 9. Bxf3 Bxf3 10. Qxf3 Bb4 11. O-O Bc3 12. Rb1 Qa5 13. Qe2 Qxa2 
14. Qd3 Qa5 15. b4 Bxb4 16. c3 Bd6 17. Rxb7 O-O 18. Nb3 Qd8 19. Qa6 c5 
20. Ba3 Ne4 21. c4 Qf6 22. Qa4 Bxh2+ 23. Kh1 Bg3 24. Qd7 Nxf2+ 25. Kg1 Qh4 
26. Rxf2 Bxf2+ 27. Kf1 Bxe3 
0-1

[Event "34th Chess Olympiad (women)"]
[Site "Istanbul"]
[Date "2000.11.08"]
[Round "11.6.3"]
[White "Ionescu-Brandis, Irina"]
[Black "Nguyen, Thi"]
[WhiteElo "2304"]
[BlackElo "2281"]
[WhiteCountry "ROM"]
[BlackCountry "VIE"]
[Result "1-0"]

1. e4 c6 2. c4 e5 3. Nf3 d6 4. d4 Nf6 5. Nc3 Nbd7 6. Be2 Be7 7. O-O O-O 
8. Be3 Qc7 9. d5 Nc5 10. Nd2 a5 11. a3 Bd7 12. b4 Na6 13. Qb3 axb4 14. axb4 c5 
15. b5 Nb4 16. f4 Rxa1 17. Rxa1 exf4 18. Bxf4 Bg4 19. h3 Bxe2 20. Nxe2 Re8 
21. Rf1 Nh5 22. Bh2 g6 23. Qf3 Rf8 24. Qc3 f6 25. g4 Ng7 26. Bf4 Na2 
27. Qg3 Nb4 28. Bh6 Re8 29. Qc3 Bd8 30. Nf4 Re5 31. g5 Ne8 32. Ne6 Qd7 
33. Nxd8 Qxd8 34. gxf6 Nxf6 35. Qf3 Rh5 36. Qxf6 Qxf6 37. Rxf6 Rxh6 38. Kg2 Nd3 
39. Kg3 Rh5 40. Nf3 Nb2 41. Rxd6 Nxc4 42. Rd8+ Kf7 43. Rd7+ Ke8 44. Rxb7 Nd6 
45. Rb8+ Kd7 46. e5 Kc7 47. Rf8 Nxb5 48. Rf7+ Kd8 49. d6 c4 50. Rb7 Nxd6 
51. exd6 c3 52. Nd4 Rd5 53. Ne6+ Kc8 54. Rc7+ Kb8 55. d7 c2 56. Rc8+ Kb7 
57. Rxc2 
1-0

[Event "34th Chess Olympiad (women)"]
[Site "Istanbul"]
[Date "2000.11.08"]
[Round "11.7.1"]
[White "Pokorna, Regina"]
[Black "Madl, Ildiko"]
[WhiteElo "2363"]
[BlackElo "2418"]
[WhiteCountry "SVK"]
[BlackCountry "HUN"]
[Result "0-1"]

1. e4 c5 2. Nf3 d6 3. d4 cxd4 4. Nxd4 Nf6 5. Nc3 Nc6 6. Bc4 e6 7. Bb3 a6 
8. Be3 Qc7 9. f4 b5 10. O-O Na5 11. f5 e5 12. Nde2 Nxb3 13. axb3 Bb7 
14. Nd5 Bxd5 15. exd5 Be7 16. Ng3 O-O 17. Qd3 Rfc8 18. Rac1 Qb7 19. Rfd1 a5 
20. Rd2 a4 21. c4 axb3 22. Qxb3 Qa6 23. Rdc2 bxc4 24. Rxc4 Rxc4 25. Qxc4 Qxc4 
26. Rxc4 Nxd5 27. Bd2 Kf8 28. Ne4 Ke8 29. Kf2 Kd7 30. Rc2 Bd8 31. Ke2 Rb8 
32. Bc3 Nxc3+ 33. bxc3 d5 34. Nf2 Kc6 35. Nd3 Kd6 36. c4 e4 37. Nf2 Rc8 
38. g4 Ke5 39. c5 Rc6 
0-1

[Event "34th Chess Olympiad (women)"]
[Site "Istanbul"]
[Date "2000.11.08"]
[Round "11.7.2"]
[White "Grabics, Monika"]
[Black "Hagarova, Zuzana"]
[WhiteElo "2363"]
[BlackElo "2321"]
[WhiteCountry "HUN"]
[BlackCountry "SVK"]
[Result "1/2-1/2"]

1. e4 c5 2. Nf3 Nc6 3. d4 cxd4 4. Nxd4 g6 5. c4 Bg7 6. Be3 Nf6 7. Nc3 O-O 
8. Be2 d6 9. O-O Bd7 10. Qd2 Nxd4 11. Bxd4 Bc6 12. f3 a5 13. b3 Nd7 14. Be3 Nc5 
15. Rab1 Qb6 16. Rfc1 Rfc8 17. Rc2 Qd8 18. Nd1 Qf8 19. Nf2 h5 20. Nh3 Ne6 
21. Bf1 
1/2-1/2

[Event "34th Chess Olympiad (women)"]
[Site "Istanbul"]
[Date "2000.11.08"]
[Round "11.7.3"]
[White "Mrvova, Alena"]
[Black "Gara, Anita"]
[WhiteElo "2231"]
[BlackElo "2291"]
[WhiteCountry "SVK"]
[BlackCountry "HUN"]
[Result "0-1"]

1. e4 c5 2. Nf3 Nc6 3. d4 cxd4 4. Nxd4 Nf6 5. Nc3 e5 6. Ndb5 d6 7. Bg5 a6 
8. Na3 b5 9. Bxf6 gxf6 10. Nd5 f5 11. g3 fxe4 12. Bg2 Bf5 13. c3 Bg7 
14. O-O Rc8 15. Re1 O-O 16. Nc2 a5 17. h4 Kh8 18. Nce3 Be6 19. Bxe4 f5 
20. Bc2 Qe8 21. f4 b4 22. Nb6 Rb8 23. Nbc4 Qg6 24. Kh2 exf4 25. gxf4 Bxc4 
26. Nxc4 bxc3 27. Bb3 cxb2 28. Rb1 Qh6 29. Qxd6 Qxh4+ 30. Kg2 Qg4+ 31. Kh2 Nd4 
32. Re3 Rbd8 33. Qc7 Nf3+ 34. Rxf3 Qxf3 35. Qxa5 Qe2+ 36. Kh1 Qe4+ 
0-1

[Event "34th Chess Olympiad (women)"]
[Site "Istanbul"]
[Date "2000.11.08"]
[Round "11.8.3"]
[White "Koglin, Anke"]
[Black "Krasser, Margit"]
[WhiteElo "2302"]
[BlackElo "2061"]
[WhiteCountry "GER"]
[BlackCountry "AUT"]
[Result "1-0"]

1. e4 d5 2. exd5 Nf6 3. Nf3 Nxd5 4. d4 g6 5. Be2 Bg7 6. O-O O-O 7. c4 Nb6 8.
Nc3 Bg4 9. h3 Bxf3 10. Bxf3 c6 11. c5 N6d7 12. Be3 Qa5 13. a3 Rd8 14. Qc2 Nf6
15. Rfd1 Nbd7 16. Bf4 Re8 17. b4 Qd8 18. Rab1 e6 19. Bg3 a6 20. a4 Nd5 21. Ne4
Bf8 22. Nd6 Bxd6 23. Bxd6 Qg5 24. Qc1 Qxc1 25. Rdxc1 e5 26. dxe5 Nxe5 27. Bxd5
cxd5 28. Rd1 Rad8 29. Rxd5 Nc4 30. Rc1 Nxd6 31. cxd6 Rd7 32. f4 f6 33. g4 Kf7
34. Kf2 Re4 35. Rc7 Rxf4+ 36. Ke3 Rxc7 37. dxc7 Rc4 38. Rc5 Re4+ 39. Kxe4 1-0

[Event "34th Chess Olympiad (women)"]
[Site "Istanbul"]
[Date "2000.11.08"]
[Round "11.9.1"]
[White "Arribas, Maritza"]
[Black "Lalic, Susan"]
[WhiteElo "2300"]
[BlackElo "2315"]
[WhiteCountry "CUB"]
[BlackCountry "ENG"]
[Result "1/2-1/2"]

1. e4 c6 2. c4 d5 3. cxd5 cxd5 4. exd5 Nf6 5. Bb5+ Nbd7 6. Nc3 a6 7. Qa4 Rb8 
8. Bxd7+ Qxd7 9. Qf4 Ra8 10. Nf3 Nxd5 11. Nxd5 Qxd5 12. O-O f6 13. Re1 e6 
14. Qg3 Kf7 15. d4 Bd7 16. Bd2 Bc6 17. Qc7+ Qd7 18. Qf4 Kg8 19. Rac1 Bd6 
20. Qe3 Re8 21. a3 g5 22. d5 exd5 23. Qxe8+ Qxe8 24. Rxe8+ Bxe8 25. Bc3 h6 
26. Bxf6 Rh7 27. Rc8 Rc7 28. Rxc7 Bxc7 29. h4 gxh4 30. Nxh4 Kf7 31. Bc3 Ke6 
32. Nf3 Kf5 33. Kf1 Ke4 34. Bg7 Bf4 35. Ke1 Kd3 36. g3 Bg5 37. Nxg5 hxg5 
38. f3 Ke3 39. Bf6 Kxf3 40. Bxg5 Kxg3 41. Kd2 Kf3 
1/2-1/2

[Event "34th Chess Olympiad (women)"]
[Site "Istanbul"]
[Date "2000.11.08"]
[Round "11.9.2"]
[White "Houska, Jovanka"]
[Black "Ramon, Vivian"]
[WhiteElo "2279"]
[BlackElo "2294"]
[WhiteCountry "ENG"]
[BlackCountry "CUB"]
[Result "1/2-1/2"]

1. e4 e5 2. Nc3 Nf6 3. Nf3 Nc6 4. g3 Bc5 5. Bg2 a6 6. d3 d6 7. O-O h6 
8. Be3 Ba7 9. h3 Be6 10. Kh2 Bxe3 11. fxe3 Ne7 12. Nh4 Qd7 13. d4 exd4 
14. exd4 d5 15. exd5 Nexd5 16. Nxd5 Nxd5 17. Qf3 c6 18. Nf5 Bxf5 19. Qxf5 Qxf5 
20. Rxf5 Nf6 21. Re1+ Kd7 22. d5 Rhe8 23. dxc6+ bxc6 24. Rd1+ Kc7 25. Rc5 Re6 
26. Rd4 Rb8 27. b3 Rb5 28. Rc3 Rbe5 29. Bf3 a5 30. Kg2 Kb6 31. Rd8 Nd5 
32. Bxd5 Rxd5 33. Rxd5 cxd5 34. Kf3 f5 35. Re3 Re4 36. Rc3 g5 37. Rc8 d4 
38. Rh8 Re3+ 39. Kf2 Re6 40. Rb8+ Kc5 41. a4 Kd5 42. Rb5+ Ke4 43. Rc5 Re7 
44. c3 dxc3 45. Rxc3 Kd4 46. Rc6 h5 47. Rh6 Kc3 48. Rxh5 Rg7 49. h4 gxh4 
50. Rxf5 hxg3+ 51. Kg2 Kxb3 
1/2-1/2

[Event "34th Chess Olympiad (women)"]
[Site "Istanbul"]
[Date "2000.11.08"]
[Round "11.9.3"]
[White "Delgado, Crespo Mairelys"]
[Black "Richards, Heather"]
[WhiteElo "2207"]
[BlackElo "2109"]
[WhiteCountry "CUB"]
[BlackCountry "ENG"]
[Result "1/2-1/2"]

1. e4 e6 2. d4 d5 3. exd5 exd5 4. Nf3 Bg4 5. h3 Bh5 6. Qe2+ Qe7 7. Be3 Nc6 
8. Nc3 O-O-O 9. O-O-O f6 10. g4 Bg6 11. Nh4 Bf7 12. Qb5 Qd7 13. a3 Kb8 
14. Na4 a6 15. Qd3 Na5 16. Nc5 Qc6 17. Bg2 Nc4 18. Qxc4 dxc4 19. Bxc6 bxc6 
20. Nxa6+ Ka7 21. Nc5 Bd5 22. Rhg1 Ne7 23. Ng2 Bf3 24. Rde1 Nd5 25. Nh4 Nxe3 
26. Nxf3 Nd5 27. Ne6 Re8 28. Nh4 g6 29. Nxf8 Rhxf8 30. Ng2 c3 31. b3 Kb7 
32. Kd1 Ra8 33. a4 Rad8 34. Kc1 Nb4 35. Rd1 Rf7 36. Nf4 Re7 37. Nd3 Na6 
38. Rg3 Red7 39. Ne1 Nb4 40. Rf3 Rxd4 41. Rxd4 Rxd4 42. Rxf6 Rd2 43. Rf4 c5 
44. Rf3 Re2 45. Kd1 Rd2+ 46. Kc1 Re2 47. Kd1 Rd2+ 48. Kc1 Re2 49. Kd1 
1/2-1/2

[Event "34th Chess Olympiad (women)"]
[Site "Istanbul"]
[Date "2000.11.08"]
[Round "11.10.2"]
[White "Radziewicz, Iweta"]
[Black "Titova-Boric, Elena"]
[WhiteElo "2379"]
[BlackElo "2207"]
[WhiteCountry "POL"]
[BlackCountry "BIH"]
[Result "1-0"]

1. d4 f5 2. Bg5 g6 3. h4 Bg7 4. Nc3 d5 5. Qd2 Nc6 6. Nf3 Be6 7. Bf4 Nf6 
8. e3 a6 9. Ne5 Nxe5 10. Bxe5 Qd7 11. a4 O-O 12. Bxf6 Rxf6 13. a5 Qd6 
14. Be2 c5 15. Na4 cxd4 16. exd4 f4 17. Nc5 Bc8 18. Nd3 Rf7 19. c3 Bd7 
20. Bf3 Bf5 21. O-O-O Rc8 22. Ne5 Bxe5 23. dxe5 Qxe5 24. Rhe1 Qf6 25. Bxd5 e6 
26. Be4 Qxh4 27. Bxf5 exf5 28. Re6 f3 29. gxf3 Qa4 30. Qd5 Kg7 31. Rd4 Qb5 
32. Qxb5 axb5 33. Kd2 Rc4 34. Kd3 Ra4 35. Rxa4 bxa4 36. a6 bxa6 37. Rxa6 Rb7 
38. Kc2 Re7 39. Kd2 Rb7 40. Kc1 g5 41. Rxa4 h5 42. Kc2 h4 43. c4 h3 44. Kc3 h2 
45. Ra1 Kf6 46. Rh1 Rh7 47. Kd4 Ke6 48. b4 Kd6 49. c5+ Ke6 50. Kc4 Rh4+ 
51. Kb5 Kd7 52. f4 gxf4 53. Kb6 f3 54. c6+ Kc8 55. b5 Kb8 56. Kc5 f4 
57. b6 Rh5+ 58. Kc4 Rh6 59. Kb5 Rh5+ 60. Ka6 Rh6 61. c7+ Kc8 62. Ka7 Rh8 
63. b7+ Kxc7 64. Rxh2 Rxh2 65. b8=Q+ Kc6 66. Qxf4 Rh7+ 67. Ka6 Rd7 
68. Qxf3+ Rd5 69. Qe4 Kd6 70. f4 Rc5 71. Kb6 Rd5 72. f5 Re5 73. Qf4 Kd5 74. f6 
1-0

[Event "34th Chess Olympiad (women)"]
[Site "Istanbul"]
[Date "2000.11.08"]
[Round "11.10.3"]
[White "Dengler, Dijana"]
[Black "Zielinska, Marta"]
[WhiteElo "2120"]
[BlackElo "2376"]
[WhiteCountry "BIH"]
[BlackCountry "POL"]
[Result "0-1"]

1. d4 g6 2. c4 c5 3. d5 Bg7 4. Nc3 d6 5. e4 Bxc3+ 6. bxc3 Nf6 7. Bd3 Qa5 
8. Bd2 Bd7 9. Qe2 Na6 10. h3 e5 11. Qf3 Ng8 12. Ne2 f6 13. O-O O-O-O 
14. Rfb1 Rf8 15. Nc1 h5 16. a4 Kb8 17. Ra2 Rf7 18. Qd1 g5 19. Rb5 Qd8 
20. Rb1 Rg7 21. Rab2 Bc8 22. Bf1 h4 23. f3 Nh6 24. Nd3 f5 25. Nf2 g4 
26. Bxh6 Rxh6 27. exf5 gxh3 28. Ng4 hxg2 29. Rxg2 h3 30. Rg3 Bxf5 31. Rb2 Qg5 
32. Bxh3 Qf4 33. Rbg2 Rh8 34. Qd2 Rgh7 35. Qxf4 exf4 36. Nf6 fxg3 37. Kf1 
0-1

[Event "34th Chess Olympiad (women)"]
[Site "Istanbul"]
[Date "2000.11.08"]
[Round "11.11.1"]
[White "Botsari, Anna-Maria"]
[Black "Baginskaite, Camilla"]
[WhiteElo "2325"]
[BlackElo "2287"]
[WhiteCountry "GRE"]
[BlackCountry "USA"]
[Result "1/2-1/2"]

1. d4 Nf6 2. c4 e6 3. Nc3 Bb4 4. g3 c5 5. Nf3 cxd4 6. Nxd4 O-O 7. Bg2 d5 
8. cxd5 Nxd5 9. Bd2 Nxc3 10. bxc3 Be7 11. O-O e5 12. Nc2 Nc6 13. Ne3 Be6 14. c4 
1/2-1/2

[Event "34th Chess Olympiad (women)"]
[Site "Istanbul"]
[Date "2000.11.08"]
[Round "11.11.3"]
[White "Fakhiridou, Ekaterini"]
[Black "Epstein, Esther"]
[WhiteElo "2277"]
[BlackElo "2224"]
[WhiteCountry "GRE"]
[BlackCountry "USA"]
[Result "1/2-1/2"]

1. e4 c5 2. Nf3 g6 3. d4 Bg7 4. dxc5 Qa5+ 5. Nfd2 Qxc5 6. Be2 b6 7. c4 Bb7 
8. O-O d6 9. Nb3 Qc8 10. Nc3 Nf6 11. f3 O-O 12. Be3 Nbd7 13. Rc1 Nc5 14. Nd4 a5 
15. b3 Nfd7 16. a3 Qd8 17. b4 axb4 18. axb4 Ne6 19. Nxe6 fxe6 20. Qb3 Bc8 
21. Ra1 Rxa1 22. Rxa1 Qe8 23. Ra8 Qf7 24. Na4 Be5 25. Nxb6 Nxb6 26. Bxb6 Qf4 
27. g3 Qd2 28. Ra2 Bd4+ 29. Bxd4 Qxd4+ 30. Kg2 g5 31. Qb2 Qb6 32. Qd2 h6 
33. Ra5 e5 34. c5 dxc5 35. Rxc5 g4 36. Qd5+ Be6 37. Rc6 gxf3+ 38. Bxf3 Bxd5 
39. Rxb6 Bc4 40. Rxh6 Rb8 41. Rh5 Rb5 42. h4 e6 43. Rg5+ Kf7 44. Bh5+ Kf6 
45. Rg6+ Kf7 46. Rg5+ Kf6 47. Rg8 Rxb4 48. Rf8+ Kg7 49. Rf7+ Kh6 50. Bf3 Kg6 
51. Rd7 Rb2+ 52. Kg1 Be2 53. Bg2 Bg4 54. Rd3 Rb1+ 55. Kh2 Rb2 56. Re3 Ra2 
57. Kg1 Ra1+ 58. Bf1 Bh3 59. Rf3 
1/2-1/2

[Event "34th Chess Olympiad (women)"]
[Site "Istanbul"]
[Date "2000.11.08"]
[Round "11.12.1"]
[White "Grosar, Kiti"]
[Black "Uskova, Fliura"]
[WhiteElo "2223"]
[BlackElo "2285"]
[WhiteCountry "SLO"]
[BlackCountry "KAZ"]
[Result "1/2-1/2"]

1. e4 c5 2. Nf3 e6 3. d4 cxd4 4. Nxd4 a6 5. Nc3 Qc7 6. Be2 b5 7. O-O Bb7 
8. a3 Nf6 9. Qd3 d6 10. f4 Nbd7 11. Bf3 Rd8 12. Kh1 Be7 13. Qe2 Nb6 14. e5 dxe5 
15. fxe5 Rxd4 16. exf6 Bxf6 17. Nxb5 axb5 18. Qxb5+ Rd7 19. Bf4 e5 
20. Bxb7 Qxb7 21. Bxe5 Nd5 22. Qxb7 Rxb7 23. Bxf6 Nxf6 24. b4 Kd7 25. c4 Kc6 
26. Rf5 Ne4 27. Re5 Nc3 28. h3 Ra8 29. Re3 Na4 30. Rf1 Rd8 31. Rg3 f6 
32. Rf5 Rd4 33. Ra5 Nb6 34. c5 Nc4 35. Ra6+ Kb5 36. Ra8 Ne5 37. Ra5+ Kc6 
38. Ra6+ Kd5 39. Rc3 Nc6 40. Rb3 Kc4 41. Rb1 Kb5 
1/2-1/2